E39(旭川紋別道)のIC - Statistics

General Stats
  • This quiz has been taken 55 times
  • The average score is 10 of 12
Answer Stats
旭川紋別道 % Correct
IC 遠軽
100%
JCT 比布
92%
PA 白滝
92%
IC 白滝
92%
IC 愛別
89%
IC 上川層雲峡
89%
IC 丸瀬布
86%
IC 遠軽瀬戸瀬
78%
IC 奥白滝
76%
IC 比布北
70%
IC 愛山上川
70%
IC 浮島
65%
No matching quizzes found
Score Distribution
Percent of People with Each Score
Percentile by Number Answered
Your Score History
You have not taken this quiz